000 00688nam a2200241 i 4500
001 bg
100 1 _aHEIDEGGER, Martin
_d(1889-1976)
245 0 _aZasada racji /
_cMartin Heidegger ; przeł. Janusz Mizera.
246 _iTyt. oryg.:
_aDer Satz vom Grund
260 _aKraków :
_bWydaw. Baran i Suszczyński,
_c2001.
300 _a174 s. ;
_c21 cm.
500 _aTyt. oryg.: "Der Satz vom Grund", 1957.
650 9 _aRacja (filozof.)
700 1 _aMIZERA, Janusz.
_eTł.
020 _a8388575228
040 _cBPK
041 1 _apl
_hde
080 _a1
920 _a83-88575-22-8
942 _cKS
008 s pl f |000 0 pol
999 _c41681
_d41681
856 _uhttp://koha.tu.koszalin.pl/cgi-bin/koha/opac-detail.pl?biblionumber=41681
_yKatalog online BPK